000 00596nam a2200181Ia 4500
008 170725s9999 xx 000 0 und d
100 _aWincy W. S. Lee
245 _aCross-Sectional Study on Chinese Secondary School Students’ Epistemic Beliefs and Fallacy Identification
245 _cWincy W. S. Lee, Victor C. W. Chan
260 _c2017
300 _apages 43058, April
440 _aThe Asia-Pacific Education Researcher
_v26:1-2
500 _aCJ0033
650 _aCHINESE
650 _aEPISTEMIC BELIEFS
650 _aFALLACY IDENTIFICATION
650 _aSECONDARY SCHOOL STUDENTS
999 _c340900
_d340900